[Event "AUT-chT2W 1617"]
[Site "Austria"]
[Date "2016.11.27"]
[Round "6.6"]
[White "Khachatouri, Saro"]
[Black "Wieneroiter, Gerald"]
[Result "0-1"]
[WhiteElo "1832"]
[BlackElo "2115"]
[PlyCount "136"]
[EventDate "2016.10.28"]
[EventType "team-tourn"]
[EventRounds "11"]
[EventCountry "AUT"]
[SourceTitle "CBM 177 Extra"]
[Source "ChessBase"]
[SourceDate "2017.04.27"]
[SourceVersion "1"]
[SourceVersionDate "2017.04.27"]
[SourceQuality "1"]
[WhiteTeam "Goetzis II"]
[BlackTeam "SIR Bernhard"]
[WhiteTeamCountry "AUT"]
[BlackTeamCountry "AUT"]

1. e4 c6 2. d4 d5 3. Nc3 dxe4 4. Nxe4 Bf5 5. Ng3 Bg6 6. Nf3 Nd7 7. Bd3 Bxd3 8. Qxd3 Ngf6 9. 0-0 e6 10. Bf4 Be7 11. c4 0-0 12. Rfe1 a5 13. Rad1 a4 14. a3 Qb6 15. Qc2 Rfd8 16. Ne2 Qa6 17. h3 Nb6 18. Bc7 Re8 19. Bxb6 Qxb6 20. Nc3 Qa6 21. Qe2 b5 22. cxb5 cxb5 23. Nxb5 Nd5 24. Rc1 Rec8 25. Rxc8+ Rxc8 26. Ne5 Rb8 27. Nc3 Qxe2 28. Rxe2 Nxc3 29. bxc3 Rb1+ 30. Kh2 Bxa3 31. Nc4 Bf8 32. Ra2 a3 33. Nxa3 Rb3 34. Nc4 Rxc3 35. Ne5 f6 36. Nf3 Bd6+ 37. Kh1 Rc1+ 38. Ng1 Rd1 39. Ra4 Rd2 40. Nf3 Rxf2 41. Kg1 Bg3 42. Ra3 Rb2 43. Kf1 Rb6 44. Ng5 Bb8 45. Ne4 Kf7 46. Ke2 f5 47. Nc5 Rc6 48. Ra8 Bd6 49. Ra7+ Rc7 50. Rxc7+ Bxc7 51. Kf3 Bb6 52. Nb3 Ke7 53. g4 g6 54. Kf4 Kd6 55. gxf5 gxf5 56. Ke3 e5 57. Kd3 Bxd4 58. Nxd4 exd4 59. Kxd4 Ke6 60. Kd3 Kf6 61. Ke3 Kg5 62. Kf3 f4 63. Ke4 h6 64. Kf3 Kf5 65. Ke2 Ke4 66. Kf2 f3 67. Ke1 Kf4 68. Kf2 h5 0-1

[Event "AUT-chT2W 1617"]
[Site "Austria"]
[Date "2016.11.25"]
[Round "4.6"]
[White "Wieneroiter, Gerald"]
[Black "Stangl, Anita"]
[Result "0-1"]
[WhiteElo "2115"]
[BlackElo "2071"]
[PlyCount "86"]
[EventDate "2016.10.28"]
[EventType "team-tourn"]
[EventRounds "11"]
[EventCountry "AUT"]
[SourceTitle "EXT 2018"]
[Source "ChessBase"]
[SourceDate "2017.10.13"]
[SourceVersion "1"]
[SourceVersionDate "2017.10.13"]
[SourceQuality "1"]
[WhiteTeam "SIR Bernhard"]
[BlackTeam "Jenbach II"]
[WhiteTeamCountry "AUT"]
[BlackTeamCountry "AUT"]

1. Nf3 e6 2. d4 d5 3. c4 c6 4. e3 Bd6 5. b3 f5 6. Be2 Qa5+ 7. Nbd2 Nf6 8. Bb2 0-0 9. 0-0 Nbd7 10. Ne5 Ne4 11. Nxe4 dxe4 12. Nxd7 Bxd7 13. c5 Be7 14. Bc4 b5 15. cxb6 axb6 16. a4 Kh8 17. f3 exf3 18. Rxf3 Rad8 19. Qe2 Bf6 20. e4 c5 21. e5 Bg5 22. d5 Be8 23. Rg3 Bf4 24. Bc3 Qa7 25. Rd3 exd5 26. Bxd5 Qe7 27. Rf1 Bg5 28. Bc4 Bc6 29. Rxd8 Qxd8 30. Rd1 Qe7 31. Rd6 Qc7 32. Qh5 Be3+ 33. Kh1 Bd4 34. Bxd4 cxd4 35. Qd1 f4 36. Qxd4 f3 37. gxf3 Bxf3+ 38. Kg1 Qe7 39. Qe3 Qe8 40. Bd5 Bxd5 41. Rxd5 Qg6+ 42. Qg3 Qb1+ 43. Kg2 Qf1# 0-1

[Event "AUT-chT2W 1516"]
[Site "Austria"]
[Date "2016.03.05"]
[Round "10.6"]
[White "Gauss, Gustav"]
[Black "Wieneroiter, Gerald"]
[Result "1/2-1/2"]
[WhiteElo "2182"]
[BlackElo "2140"]
[PlyCount "118"]
[EventDate "2015.10.16"]
[EventType "team-tourn"]
[EventRounds "11"]
[EventCountry "AUT"]
[SourceTitle "EXT 2017"]
[Source "ChessBase"]
[SourceDate "2016.10.25"]
[SourceVersion "1"]
[SourceVersionDate "2016.10.25"]
[SourceQuality "1"]
[WhiteTeam "Goetzis II"]
[BlackTeam "Bernhard II"]
[WhiteTeamCountry "AUT"]
[BlackTeamCountry "AUT"]

1. d4 d5 2. Bf4 Nf6 3. e3 c5 4. c3 Nc6 5. Nd2 cxd4 6. exd4 Bf5 7. Qb3 Qc8 8. Ngf3 e6 9. Be2 Be7 10. 0-0 Ne4 11. Nxe4 Bxe4 12. Ne5 0-0 13. Rac1 Bd6 14. Nxc6 Qxc6 15. Bxd6 Qxd6 16. f4 Rab8 17. Qb4 Qxb4 18. cxb4 Rfc8 19. Kf2 Kf8 20. g3 Ke7 21. Ke3 Kd8 22. Kd2 Rxc1 23. Rxc1 Rc8 24. Rc5 b6 25. Rxc8+ Kxc8 26. Ba6+ Kc7 27. a4 f6 28. h4 Kd6 29. Ke3 Bg6 30. a5 e5 31. Bb5 Bf5 32. Be8 Bc8 33. Ba4 Ke6 34. Bc2 h6 35. Bd3 e4 36. Be2 Kf7 37. Bd1 Bh3 38. Be2 g6 39. Bd1 h5 40. Be2 Kg7 41. Ba6 Be6 42. Be2 Kh6 43. Bd1 g5 44. Be2 gxh4 45. gxh4 Kg6 46. Bd1 Bf7 47. Be2 Kf5 48. Bd1 Ke6 49. Be2 Kd6 50. Bb5 Be6 51. Be2 Bg4 52. Bb5 Kc7 53. Be8 Bd1 54. Kd2 Bf3 55. Ke3 Kd6 56. Bf7 Bg4 57. Kd2 Kc6 58. Be8+ Kd6 59. Bf7 Kc7 1/2-1/2

[Event "AUT-chT2W 1516"]
[Site "Austria"]
[Date "2015.10.16"]
[Round "1.6"]
[White "Wieneroiter, Gerald"]
[Black "Cardaklija, Mirsad"]
[Result "1/2-1/2"]
[WhiteElo "2140"]
[BlackElo "2060"]
[PlyCount "85"]
[EventDate "2015.10.16"]
[EventType "team-tourn"]
[EventRounds "11"]
[EventCountry "AUT"]
[SourceTitle "CBM 168 Extra"]
[Source "ChessBase"]
[SourceDate "2015.10.29"]
[SourceVersion "1"]
[SourceVersionDate "2015.10.29"]
[SourceQuality "1"]
[WhiteTeam "Bernhard II"]
[BlackTeam "Schwarzach"]
[WhiteTeamCountry "AUT"]
[BlackTeamCountry "AUT"]

1. Nf3 d5 2. d4 f5 3. Bf4 Nf6 4. e3 e6 5. c4 c6 6. Be2 Bb4+ 7. Nbd2 0-0 8. 0-0 Ne4 9. a3 Bd6 10. Bxd6 Qxd6 11. Ne5 Nd7 12. Nxd7 Bxd7 13. Nf3 g5 14. Ne5 g4 15. f3 gxf3 16. Bxf3 Nf6 17. g4 fxg4 18. c5 Qe7 19. Bxg4 Be8 20. Kh1 Bg6 21. Nxg6 hxg6 22. Bf3 e5 23. Bg2 Kg7 24. Qe1 Rae8 25. Qg3 exd4 26. exd4 Qe3 27. Qh4 g5 28. Qf2 Ng4 29. Qxe3 Nxe3 30. Rf3 Rxf3 31. Bxf3 Rf8 32. Bh5 Nc2 33. Rc1 Nxd4 34. Re1 Kh6 35. Bg4 Nb3 36. Re7 Nxc5 37. b4 Ne4 38. Kg1 Rb8 39. Bf5 g4 40. Bxe4 dxe4 41. Rxe4 Kg5 42. Re7 Kf6 43. Rh7 1/2-1/2

[Event "AUT-chT2W 1314"]
[Site "Austria"]
[Date "2014.03.09"]
[Round "11.5"]
[White "Wieneroiter, Gerald"]
[Black "Neuschmied, Siegfried"]
[Result "1-0"]
[WhiteElo "2156"]
[BlackElo "2230"]
[PlyCount "63"]
[EventDate "2013.10.18"]
[EventType "team-tourn"]
[EventRounds "11"]
[EventCountry "AUT"]
[SourceTitle "EXT 2015"]
[Source "ChessBase"]
[SourceDate "2014.11.20"]
[SourceVersion "1"]
[SourceVersionDate "2014.11.20"]
[SourceQuality "1"]
[WhiteTeam "Bernhard II"]
[BlackTeam "Kufstein/Woergl"]
[WhiteTeamCountry "AUT"]
[BlackTeamCountry "AUT"]

1. Nf3 c5 2. c4 g6 3. Nc3 Bg7 4. g3 Nc6 5. Bg2 a6 6. a3 Rb8 7. Rb1 b5 8. cxb5 axb5 9. b4 c4 10. e4 e6 11. d4 d5 12. e5 Nge7 13. g4 Bd7 14. 0-0 Qc7 15. Be3 Nc8 16. Ng5 h6 17. Nxd5 exd5 18. Nxf7 Kxf7 19. Bxd5+ Ke7 20. f4 Rd8 21. Be4 Be8 22. d5 Nxe5 23. Bc5+ Nd6 24. fxe5 Bxe5 25. g5 h5 26. Bg2 Kd7 27. Bh3+ Nf5 28. Rxf5 Qxc5+ 29. bxc5 gxf5 30. Bxf5+ Kc7 31. d6+ Kb7 32. Ra1 1-0

[Event "AUT-chT2W 1314"]
[Site "Austria"]
[Date "2014.01.18"]
[Round "7.4"]
[White "Wieneroiter, Gerald"]
[Black "Novkovic, Julia"]
[Result "1/2-1/2"]
[WhiteElo "2156"]
[BlackElo "2105"]
[PlyCount "82"]
[EventDate "2013.10.18"]
[EventType "team-tourn"]
[EventRounds "11"]
[EventCountry "AUT"]
[SourceTitle "EXT 2015"]
[Source "ChessBase"]
[SourceDate "2014.11.20"]
[SourceVersion "1"]
[SourceVersionDate "2014.11.20"]
[SourceQuality "1"]
[WhiteTeam "Bernhard II"]
[BlackTeam "Dornbirn"]
[WhiteTeamCountry "AUT"]
[BlackTeamCountry "AUT"]

1. Nf3 g6 2. c4 Bg7 3. Nc3 d6 4. g3 e5 5. Bg2 Nc6 6. d3 h6 7. Rb1 f5 8. 0-0 Be6 9. Qc2 Qd7 10. b4 Nd8 11. b5 Ne7 12. Nd2 g5 13. Nd5 c5 14. bxc6 bxc6 15. Nxe7 Qxe7 16. Qa4 Rc8 17. Nb3 0-0 18. Bd2 Qd7 19. Ba5 Nf7 20. Bc3 Nd8 21. f4 exf4 22. Bxg7 Qxg7 23. gxf4 Rc7 24. Kh1 g4 25. Na5 c5 26. Rb8 h5 27. Rfb1 h4 28. h3 Qh6 29. e3 Rg7 30. Nc6 gxh3 31. Bf3 Nxc6 32. Rxf8+ Kxf8 33. Qxc6 Kg8 34. Qxd6 Kh7 35. Rb7 h2 36. Kxh2 Qg6 37. Rxg7+ Qxg7 38. Qxe6 Qg3+ 39. Kh1 Qxf3+ 40. Kh2 Qf2+ 41. Kh1 Qf1+ 1/2-1/2

[Event "AUT-chT2W 1314"]
[Site "Austria"]
[Date "2014.01.17"]
[Round "6.5"]
[White "Wieneroiter, Gerald"]
[Black "Hengl, Christian"]
[Result "0-1"]
[WhiteElo "2156"]
[BlackElo "2207"]
[PlyCount "78"]
[EventDate "2013.10.18"]
[EventType "team-tourn"]
[EventRounds "11"]
[EventCountry "AUT"]
[SourceTitle "EXT 2015"]
[Source "ChessBase"]
[SourceDate "2014.11.20"]
[SourceVersion "1"]
[SourceVersionDate "2014.11.20"]
[SourceQuality "1"]
[WhiteTeam "Bernhard II"]
[BlackTeam "Rum Rochade"]
[WhiteTeamCountry "AUT"]
[BlackTeamCountry "AUT"]

1. Nf3 d5 2. d4 Nf6 3. c4 c6 4. e3 a6 5. Nbd2 Bf5 6. Be2 Nbd7 7. 0-0 e6 8. Nh4 Bg6 9. Nxg6 hxg6 10. f4 Bd6 11. c5 Bc7 12. b4 g5 13. g3 gxf4 14. exf4 Ne4 15. Nxe4 dxe4 16. f5 exf5 17. Rxf5 g6 18. Rf2 f5 19. d5 Be5 20. Bf4 cxd5 21. Bxe5 Nxe5 22. Qd4 Qf6 23. Rd1 Rd8 24. a4 Kf7 25. Kh1 Nc6 26. Qxf6+ Kxf6 27. g4 Ke5 28. gxf5 gxf5 29. b5 axb5 30. axb5 Nd4 31. Bf1 f4 32. Rfd2 Ne6 33. c6 bxc6 34. bxc6 f3 35. c7 Nxc7 36. Bc4 e3 37. Rd3 dxc4 38. Rxd8 Rxd8 39. Rxd8 e2 0-1

[Event "Scharnstein op 2nd"]
[Site "Scharnstein"]
[Date "1999.??.??"]
[Round "?"]
[White "Strassmair, Christian"]
[Black "Wieneroiter, Gerald"]
[Result "0-1"]
[WhiteElo "1605"]
[BlackElo "1900"]
[PlyCount "48"]
[EventDate "1999.??.??"]
[EventType "swiss"]
[EventRounds "5"]
[EventCountry "AUT"]
[SourceTitle "EXT 2004"]
[Source "ChessBase"]
[SourceDate "2003.11.25"]
[SourceVersion "1"]
[SourceVersionDate "2003.11.25"]
[SourceQuality "1"]

1. d4 Nf6 2. c4 e6 3. Nf3 b6 4. e3 Bb7 5. Bd3 Be7 6. 0-0 0-0 7. Re1 c5 8. Nc3 cxd4 9. Nxd4 d6 10. b3 Nbd7 11. Bb2 a6 12. Qc2 Rc8 13. Rac1 Rc5 14. Ne4 Bxe4 15. Bxe4 d5 16. Bd3 dxc4 17. bxc4 Ne5 18. a4 Nxd3 19. Qxd3 e5 20. Ba3 Rc7 21. Bxe7 Rxe7 22. Red1 exd4 23. exd4 Rfe8 24. c5 bxc5 0-1